Zákon o dani z dedičstva, dani z darovania a dani z prevodu a prechodu nehnuteľností
Úplné znenie zákona SNR č. 318/1992 Zb. o dani z dedičstva, dani z darovania a dani z prevodu a prechodu nehnuteľností zmenený a doplnený zákonom NR SR č. 87/1993 Z.z. Komentár k zákonu. Príklady vyplnenia daňových priznaní.
Salvato in:
| Autore principale: | |
|---|---|
| Natura: | Capitolo di libro |
| Lingua: | slovacco |
| Soggetti: | |
| Tags: |
Nessun Tag, puoi essere il primo ad aggiungerne!!
|
MARC
| LEADER | 00000naa a2200000 4500 | ||
|---|---|---|---|
| 001 | r030479 | ||
| 005 | 20230919080840.7 | ||
| 041 | 0 | |a slo | |
| 044 | |a SK | ||
| 245 | 1 | 0 | |a Zákon o dani z dedičstva, dani z darovania a dani z prevodu a prechodu nehnuteľností |c Zita Siamerová |
| 520 | |a Úplné znenie zákona SNR č. 318/1992 Zb. o dani z dedičstva, dani z darovania a dani z prevodu a prechodu nehnuteľností zmenený a doplnený zákonom NR SR č. 87/1993 Z.z. Komentár k zákonu. Príklady vyplnenia daňových priznaní. | ||
| 610 | 2 | 0 | |a dane z darovania |
| 610 | 2 | 0 | |a dane z dedičstva |
| 610 | 2 | 0 | |a dane z nehnuteľností |
| 610 | 2 | 0 | |a zákony |
| 610 | 2 | 0 | |a Slovensko |
| 610 | 2 | 0 | |a 1992-1993 |
| 610 | 2 | 0 | |a komentáre |
| 610 | 2 | 0 | |a priznania daňové |
| 610 | 2 | 0 | |a povinnosť daňová |
| 100 | 1 | |a Siamerová, Zita | |